000 00925nam a2200229 i 4500
001 42034
003 ES-MaACL
005 20251116063053.0
007 t|
008 030312s1945 sp bf |||| | spa d
100 1 _aCasas Torres, José Manuel,
_d1916-2010
_936236
245 1 3 _aUn mapa de los mercados de la provincia de Zaragoza /
_cpor J.M. Casas Torres y Joaquín Pardo Cajal.
260 _aZaragoza :
_b[s.n.,
_c1945] (
_fTalls. Ed. El Noticiero)
300 _a20 h., 3 lám., 2 mapas pleg. ;
_c25 cm.
500 _aPrecede al tít.: Consejo Superior de Investigaciones Científicas, Instituto "Juan Sebastián Elcano"
595 _aSeparata de: Estudios geográficos, año VI, n. 20-21.
650 4 _aMercados-
_zZaragoza (Provincia)
_9169505
700 1 _aPardo Cajal, Joaquín.
_988989
710 2 _aInstituto "Juan Sebastián Elcano"
_95113
852 _aES-MaACL
_j1862-F-20
999 _c42034
_d42034